Principles of engineering economic analysis / (Record no. 184990)
[ view plain ]
| 000 -LEADER | |
|---|---|
| fixed length control field | 00853 a2200181 4500 |
| 003 - CONTROL NUMBER IDENTIFIER | |
| control field | Nust |
| 005 - DATE AND TIME OF LATEST TRANSACTION | |
| control field | 20230118153124.0 |
| 040 ## - CATALOGING SOURCE | |
| Transcribing agency | Nust |
| 082 ## - DEWEY DECIMAL CLASSIFICATION NUMBER | |
| Classification number | 657.834,WHI |
| 100 ## - MAIN ENTRY--PERSONAL NAME | |
| Personal name | John A. White |
| 9 (RLIN) | 13195 |
| 245 ## - TITLE STATEMENT | |
| Title | Principles of engineering economic analysis / |
| Statement of responsibility, etc. | John A. White |
| 250 ## - EDITION STATEMENT | |
| Edition statement | 3rd ed. |
| 260 ## - PUBLICATION, DISTRIBUTION, ETC. | |
| Place of publication, distribution, etc. | Islamabad |
| Name of publisher, distributor, etc. | National book foundation |
| Date of publication, distribution, etc. | 1962 |
| 300 ## - PHYSICAL DESCRIPTION | |
| Extent | 588p |
| 505 ## - FORMATTED CONTENTS NOTE | |
| Formatted contents note | Introduction (Page-1), Cost Concepts (Page-25), Time Value of Money Operations (Page-67), Measuring the Worth of Investments (Page-147), Comparison of Alternatives (Page-176), Depreciation and Income Tax Considerations (Page-261), Economic Analysis of Projects in the Public Sector (Page-331), Break Even Sensitivity and Risk Analysis (Page-371), Decision Models (Page-417). |
| 650 ## - SUBJECT ADDED ENTRY--TOPICAL TERM | |
| Topical term or geographic name entry element | Principles of engineering economic analysis |
| 9 (RLIN) | 107025 |
| 942 ## - ADDED ENTRY ELEMENTS (KOHA) | |
| Source of classification or shelving scheme | |
| Koha item type | Book |
| Withdrawn status | Lost status | Source of classification or shelving scheme | Damaged status | Not for loan | Permanent Location | Current Location | Shelving location | Date acquired | Full call number | Barcode | Date last seen | Price effective from | Koha item type | Public note |
|---|---|---|---|---|---|---|---|---|---|---|---|---|---|---|
| Military College of Signals (MCS) | Military College of Signals (MCS) | General Stacks | 12/12/2016 | 657.834,WHI | MCS26103 | 12/08/2016 | 12/12/2016 | Book | Almirah No.42, Shelf No.4 |
